| 000 | 00463nam a2200181 a 4500 | ||
|---|---|---|---|
| 001 | 2062 | ||
| 003 | CDMR | ||
| 005 | 20131002165531.0 | ||
| 008 | 130130s1988||||||||||||||||||||||||||||d | ||
| 020 | _a8437507833 | ||
| 040 |
_aCDMR _bcat _cCDMR |
||
| 100 | 1 |
_aSaborit, José _91534 |
|
| 245 | 1 | 3 | _aLa imagen publicitaria en televisión |
| 260 |
_aMadrid _c1988 _bCátedra |
||
| 490 |
_aSigno e imagen _v13 |
||
| 650 | 0 | 4 |
_91455 _aPublicitat audiovisual |
| 942 |
_cMON _2udc |
||
| 999 |
_c2062 _d2062 |
||